[Event "BLR-chT U18"]
[Site "Gomel"]
[Date "2024.03.01"]
[Round "1.2"]
[White "Piatrenka, Ivan"]
[Black "Buldovich, Raman"]
[Result "0-1"]
[WhiteElo "2000"]
[BlackElo "2000"]
[PlyCount "92"]
[EventDate "2024.03.01"]
[EventType "tourn"]
[EventRounds "7"]
[EventCountry "BLR"]
[SourceTitle "CB11_2024"]
[SourceDate "2024.03.13"]
[SourceVersion "1"]
[SourceVersionDate "2024.03.13"]
[SourceQuality "1"]

1. d4 d6 2. Nf3 Nf6 3. c4 g6 4. Nc3 Bg7 5. e4 0-0 6. Be2 Nc6 7. 0-0 e5 8. d5 Ne7 9. Nd2 Bh6 10. b4 Ne8 11. c5 Bxd2 12. Bxd2 Ng7 13. Be3 f5 14. f3 f4 15. Bf2 g5 16. Rc1 Bd7 17. a4 Rf6 18. a5 Qe8 19. b5 Rh6 20. Kh1 Qh5 21. Bg1 dxc5 22. Na4 Ngf5 23. exf5 Nxf5 24. Qe1 Ng3+ 25. Qxg3 fxg3 26. Bc4 Kh8 27. Nxc5 Qe8 28. Rfe1 Rxh2+ 29. Bxh2 Qh5 30. Kg1 Qxh2+ 31. Kf1 Qh1+ 32. Ke2 Qxg2+ 33. Kd3 Bf5+ 34. Kc3 Qxf3+ 35. Kb4 b6 36. Nb3 Bd3 37. Bxd3 Qxd3 38. Rc3 Qxd5 39. Rxg3 bxa5+ 40. Ka3 Qxb5 41. Re4 Rd8 42. Rc3 Rd3 43. Rxd3 Qxd3 44. Rxe5 Qd6+ 45. Rc5 g4 46. Ka4 g3 0-1

[Event "Minsk op"]
[Site "Minsk"]
[Date "2023.11.07"]
[Round "5"]
[White "Trafimchuk, Tsikhan"]
[Black "Piatrenka, Ivan"]
[Result "1-0"]
[WhiteElo "1350"]
[BlackElo "1742"]
[PlyCount "97"]
[EventDate "2023.11.03"]
[EventType "swiss"]
[EventRounds "9"]
[EventCountry "BLR"]
[SourceTitle "CB46_2023"]
[SourceDate "2023.11.15"]
[SourceVersion "1"]
[SourceVersionDate "2023.11.15"]
[SourceQuality "1"]

1. Nf3 Nf6 2. g3 g6 3. Bg2 Bg7 4. 0-0 0-0 5. d4 d6 6. c4 Nc6 7. Nc3 a6 8. b3 Rb8 9. Bb2 b5 10. cxb5 axb5 11. Rc1 b4 12. Na4 Bd7 13. Qc2 Rc8 14. Ne1 Na5 15. Nd3 c5 16. dxc5 Bxa4 17. bxa4 dxc5 18. Nxc5 Qb6 19. Bd4 Rfd8 20. e3 Ne8 21. Qb2 e5 22. Nd7 Qe6 23. Bb6 Nc4 24. Rxc4 Rxc4 25. Bxd8 Qxd7 26. Qb3 Nd6 27. Rd1 Rc8 28. Ba5 Bf8 29. Bxb4 Qg4 30. h3 Qe2 31. Bf1 Qf3 32. Bg2 Qe2 33. Qd3 Qxa2 34. Bxd6 Rd8 35. Bd5 Qxa4 36. Bxf8 Kxf8 37. e4 Rc8 38. Qb3 Qa5 39. Bxf7 Rc3 40. Qa2 Qb6 41. Kg2 Kg7 42. Bd5 Qc5 43. Qe2 Rc2 44. Qf3 Kh6 45. Rd3 Qa5 46. Qf8+ Kh5 47. Rf3 Qe1 48. Qf6 Kh6 49. Qh4+ 1-0

[Event "BLR-ch U18"]
[Site "Orsha"]
[Date "2022.02.14"]
[Round "5"]
[White "Piatrenka, Ivan"]
[Black "Siniauski, Artsiom"]
[Result "0-1"]
[WhiteElo "1880"]
[BlackElo "2285"]
[PlyCount "64"]
[EventDate "2022.02.10"]
[EventType "swiss"]
[EventRounds "9"]
[EventCountry "BLR"]
[SourceTitle "CBM 207 Extra"]
[Source "ChessBase"]
[SourceDate "2022.05.31"]
[SourceVersion "1"]
[SourceVersionDate "2022.05.31"]
[SourceQuality "1"]

1. d4 Nf6 2. c4 e6 3. Nc3 Bb4 4. e3 0-0 5. Bd3 d5 6. a3 Bxc3+ 7. bxc3 dxc4 8. Bxc4 c5 9. Nf3 Qc7 10. Ba2 b5 11. 0-0 Bb7 12. Nd2 Nc6 13. Qe2 a6 14. dxc5 Ne5 15. c4 Neg4 16. f4 Qxc5 17. Re1 bxc4 18. h3 Nh6 19. Nxc4 Nd5 20. Qf2 Nc3 21. Bb3 Ne4 22. Qc2 Rfc8 23. Bb2 Nf5 24. Rac1 Qa7 25. Qe2 Bd5 26. Ba1 Rc6 27. g4 Nh4 28. Na5 Rxc1 29. Rxc1 Ng3 30. Qd3 Be4 31. Bd4 Bxd3 32. Bxa7 Ne2+ 0-1

[Event "BLR-ch 1st League"]
[Site "Minsk"]
[Date "2021.12.16"]
[Round "8"]
[White "Piatrenka, Ivan"]
[Black "Siniauski, Artsiom"]
[Result "0-1"]
[WhiteElo "1786"]
[BlackElo "2301"]
[PlyCount "90"]
[EventDate "2021.12.09"]
[EventType "swiss"]
[EventRounds "9"]
[EventCountry "BLR"]
[SourceTitle "EXT 2023"]
[Source "ChessBase"]
[SourceDate "2022.10.05"]
[SourceVersion "1"]
[SourceVersionDate "2022.10.05"]
[SourceQuality "1"]

1. d4 Nf6 2. c4 e6 3. Nc3 Bb4 4. e3 0-0 5. Bd3 d5 6. a3 Bxc3+ 7. bxc3 c5 8. cxd5 exd5 9. Ne2 Nc6 10. 0-0 Bg4 11. f3 Bh5 12. Nf4 Bg6 13. Nxg6 hxg6 14. a4 Re8 15. Re1 Qa5 16. Bd2 Qc7 17. Kh1 Rac8 18. Rb1 Re7 19. Re2 Rce8 20. Qf1 a6 21. g4 Qd6 22. Bc1 Nd8 23. Qf2 c4 24. Bc2 g5 25. Ra1 Qc7 26. Ba3 Re6 27. Rae1 g6 28. Qg2 b5 29. e4 Nc6 30. e5 b4 31. Bc1 Nh7 32. h4 bxc3 33. Be3 Nxe5 34. dxe5 Qxe5 35. Bc5 Qxe2 36. Rxe2 Rxe2 37. Qg3 Rxc2 38. h5 Rc1+ 39. Kg2 Re2+ 40. Bf2 Rcc2 41. Qb8+ Nf8 42. hxg6 Rxf2+ 43. Kg1 fxg6 44. Qd6 Rcd2 45. Qxa6 c2 0-1

[Event "EU-chT U12"]
[Site "Pardubice"]
[Date "2019.07.15"]
[Round "5.4"]
[White "Olenik Campa, Rudi"]
[Black "Piatrenka, Ivan"]
[Result "1/2-1/2"]
[WhiteElo "1854"]
[BlackElo "1498"]
[PlyCount "108"]
[EventDate "2019.07.11"]
[EventType "team-swiss"]
[EventRounds "7"]
[EventCountry "CZE"]
[SourceTitle "EXT 2020"]
[Source "ChessBase"]
[SourceDate "2019.10.17"]
[SourceVersion "1"]
[SourceVersionDate "2019.10.17"]
[SourceQuality "1"]
[WhiteTeam "Slovenia U12"]
[BlackTeam "Belarus U12"]
[WhiteTeamCountry "SLO"]
[BlackTeamCountry "BLR"]

1. e4 d6 2. d4 g6 3. Nc3 Bg7 4. Be3 c6 5. Qd2 b5 6. Bd3 Nf6 7. Bh6 Bxh6 8. Qxh6 e5 9. dxe5 dxe5 10. Nf3 Qe7 11. h3 Nbd7 12. 0-0 Qf8 13. Qe3 Nh5 14. g3 Qe7 15. Rfe1 h6 16. Bf1 g5 17. Kh2 Ndf6 18. Nd2 Ng7 19. Nb3 Ne6 20. Bg2 h5 21. Rh1 Bd7 22. a4 b4 23. Na2 Rg8 24. c3 bxc3 25. Qxc3 Nd8 26. Nb4 h4 27. Nd3 g4 28. Nxe5 hxg3+ 29. fxg3 gxh3 30. Bf3 Rb8 31. Nc5 Ne6 32. Ncxd7 Nxd7 33. Rhg1 Nxe5 34. Qxe5 Rb3 35. Bd1 Rb4 36. b3 Ng5 37. Qf5 Rb8 38. Rc1 Rg6 39. Rf1 Nxe4 40. Re1 Re6 41. Bf3 Nf6 42. Bxc6+ Kf8 43. Rxe6 Qxe6 44. Qxe6 fxe6 45. Bb5 Ne4 46. Kxh3 Nd6 47. Rc5 Rb7 48. Rh5 Kg7 49. b4 Kg6 50. g4 Rb8 51. Bd3+ Kf6 52. g5+ Ke5 53. g6+ Kf6 54. Rh4 Nf5 1/2-1/2

[Event "EU-chT U12"]
[Site "Pardubice"]
[Date "2019.07.12"]
[Round "2.4"]
[White "Piatrenka, Ivan"]
[Black "Klimkowski, Jan"]
[Result "0-1"]
[WhiteElo "1498"]
[BlackElo "1985"]
[PlyCount "52"]
[EventDate "2019.07.11"]
[EventType "team-swiss"]
[EventRounds "7"]
[EventCountry "CZE"]
[SourceTitle "EXT 2020"]
[Source "ChessBase"]
[SourceDate "2019.10.17"]
[SourceVersion "1"]
[SourceVersionDate "2019.10.17"]
[SourceQuality "1"]
[WhiteTeam "Belarus U12"]
[BlackTeam "Poland U12"]
[WhiteTeamCountry "BLR"]
[BlackTeamCountry "POL"]

1. d4 Nf6 2. Bf4 g6 3. e3 Bg7 4. Nf3 0-0 5. c4 d6 6. h3 Nfd7 7. Nc3 Nc6 8. Be2 e5 9. dxe5 Ndxe5 10. 0-0 Be6 11. Nd5 Nxf3+ 12. Bxf3 Ne5 13. Bxe5 Bxe5 14. Bg4 f5 15. Be2 c6 16. Nc3 f4 17. Ne4 fxe3 18. fxe3 Qh4 19. Bf3 Bxc4 20. Rf2 d5 21. Nc5 Qg3 22. Nd3 Qh2+ 23. Kf1 Bxd3+ 24. Qxd3 Qh1+ 25. Ke2 Qxa1 26. Bxd5+ Kh8 0-1

[Event "EU-chT U12"]
[Site "Pardubice"]
[Date "2019.07.11"]
[Round "1.4"]
[White "Buchta, Bartolomej"]
[Black "Piatrenka, Ivan"]
[Result "0-1"]
[WhiteElo "1585"]
[BlackElo "1498"]
[PlyCount "82"]
[EventDate "2019.07.11"]
[EventType "team-swiss"]
[EventRounds "7"]
[EventCountry "CZE"]
[SourceTitle "EXT 2020"]
[Source "ChessBase"]
[SourceDate "2019.10.17"]
[SourceVersion "1"]
[SourceVersionDate "2019.10.17"]
[SourceQuality "1"]
[WhiteTeam "Czech Republic U12 II"]
[BlackTeam "Belarus U12"]
[WhiteTeamCountry "CZE"]
[BlackTeamCountry "BLR"]

1. e4 d6 2. d4 Nf6 3. Nc3 g6 4. Nf3 Bg7 5. Bc4 0-0 6. Bg5 Nxe4 7. Nxe4 d5 8. Bd3 dxe4 9. Bxe4 Nc6 10. c3 Qe8 11. Qd2 e5 12. d5 Na5 13. b3 f5 14. Bc2 e4 15. Nd4 Qf7 16. c4 c5 17. Qxa5 cxd4 18. Rd1 d3 19. Bxd3 exd3 20. Rxd3 f4 21. 0-0 h6 22. Bd8 Bf5 23. Rf3 Rfxd8 24. Rxf4 b6 25. Qb4 Qc7 26. Rf3 Be5 27. h3 Bd6 28. Qd2 Qg7 29. g4 Be4 30. Re3 Bf4 31. f3 Bxe3+ 32. Qxe3 Bxf3 33. Qxf3 Rf8 34. Qe3 Rxf1+ 35. Kxf1 Rf8+ 36. Kg2 g5 37. Qd2 Qf6 38. Qe2 Kf7 39. b4 Re8 40. Qd2 Qf4 41. Qd1 Re3 0-1